Building states and markets after communism <the> perils of polarized democracy

Gespeichert in:
Bibliographische Detailangaben
1. Verfasser: Frye, Timothy
Format: Buch
Sprache:Englisch
Veröffentlicht: New York Cambridge University Press 2010
Schriftenreihe:Cambridge studies in comparative politics
Schlagworte:
Tags: Tag hinzufügen
Keine Tags, Fügen Sie das erste Tag hinzu!

MARC

LEADER 00000nam a2200000 4500
001 0121551
005 20240306135543.4
020 |a 978-0-521-76773-6 
041 0 |a eng 
044 |a US 
245 1 0 |a Building states and markets after communism  |b <the> perils of polarized democracy  |c Timothy Frye 
264 1 |a New York  |b Cambridge University Press  |c 2010 
300 |a 296 s. 
490 1 |a Cambridge studies in comparative politics 
830 0 |a Cambridge studies in comparative politics 
610 2 0 |a krajiny tranzitívne 
610 2 0 |a komunizmus 
610 2 0 |a kapitalizmus 
610 2 0 |a reformy 
610 2 0 |a hospodárstvo trhové 
610 2 0 |a rast hospodársky 
610 2 0 |a nestabilita politická 
610 2 0 |a demokracia 
610 2 0 |a nacionalizmus 
610 2 0 |a vývoj politický 
100 1 |a Frye, Timothy